000 00800cam a2200253 a 4500
005 20031230185550.0
008 940308s1993 enkab b 001 0 eng
010 _aENG-101648
020 _c250.00
_a9788184000764
035 _aEN-85181
037 _bDBAD/PUB
040 _adpl
_bEng
082 _aN
100 1 _922405
_aDesai, Anita
245 1 0 _aThe zigzag way /
_cby Anita Desai
260 _aNoida
_bRandom House India
_c2009
270 _aMind Mill Corporate Tower, 2nd Floor, Plot No 24A Sector 16A,
_bNoida
_e201301
300 _axi,188p.
_c20cm (pbk)
650 0 _922448
651 _a
_922481
700 _922431
942 _2ddc
_cEN
_mDES
_hN
999 _c48255
_d48255